[Event "Match 72__120'/40"]
[Site "Zurich"]
[Date "2022.??.??"]
[Round "9"]
[White "CXG Sphinx Legend"]
[Black "Mephisto MM II"]
[Result "1-0"]
[WhiteElo "1816"]
[BlackElo "1815"]
[Annotator "KUT"]
[PlyCount "104"]
[EventDate "2022.??.??"]

{[%mdl 1][%evp 0,93,29,28,29,21,36,37,57,22,38,27,30,22,20,18,11,11,8,-5,-5,-3,-3,0,14,-59,-27,-23,18,15,14,14,16,21,23,24,22,20,41,23,16,11,14,7,7,8,34,38,121,148,215,262,309,534,762,354,601,426,644,659,977,1222,1568,749,760,762,771,782,798,807,807,829,1120,1120,1120,908,1167,1189,1317,1327,1337,840,852,868,888,856,1196,858,879,1126,1294,1166,1251,922,1013,1267]} 1. e4 e6 {Match 72__120'/40 | Bediener: Rolf Bühler | 9. Partie: Weiss (CXG) gewinnt | Zwischenstand: 5-4 (55,5%) für den Mephisto MM II | In der klassischen Französischen Verteidigung mit 4.Lg5 entspannt sich ein interessanter Positionskampf mit weisser langer und schwarzer kurzer Rochade. Dabei agiert Weiss erfolgreicher. Während der Mephisto MM II am Damenflügel nichts Gefährliches auf die Beine bringt, inszeniert die CXG Sphinx Legend am Königsflügel im richtigen Moment einen klassischen Angriff mit f4-f5 und dann f5-f6. Danach bricht die geschwächte schwarze Königsstellung völlig zusammen und das ungarische Programm von Gyula Horvath kann einen hübschen Sieg einfahren. Fast eine Modellpartie der CXG Sphinx Legend.} 2. d4 d5 3. Nc3 Nf6 4. Bg5 Be7 5. e5 Nfd7 6. Bxe7 Qxe7 7. f4 O-O 8. Nf3 c5 9. dxc5 {***ENDE BOOK***} Nc6 10. Qe2 {Als Französisch-Spieler ist mir dieser Zug völlig unbekannt. Umso erstaunlicher, dass der MM II darauf noch einen Zug im Buch hat.} Nxc5 {***ENDE BUCH***} (10... f5 11. exf6 Qxf6 12. g3 Nxc5 13. O-O-O Kh8 14. Qe3 b6 15. Bb5 Bb7 16. Rhe1 Rac8 17. Bxc6 Bxc6 18. Qe5 Bd7 19. Nd4 Qg6 20. Kb1 Qf7 21. Qd6 Nb7 22. Qe5 Nc5 23. Qd6 {½-½ (23) Kupper,J-Stahlberg,G Munich 1958}) 11. O-O-O b6 12. Nb5 Ba6 13. Qe3 Qd7 14. Nd6 Bxf1 15. Rhxf1 {Die Stellung ist ausgeglichen. Der auf d6 wacklich stehende Sd6 kann nun Schwarz nutzen, die Spitze der weissen Bauernkette e5 durch einmal ...f6 anzugreifen.} Nb7 {Unter Berücksichtigung des soeben Gesagten, eine zu zahme Fortsetzung, da nun der Angriff gegen e5 weniger Wirkung zeigen wird.} 16. Nxb7 Qxb7 17. Kb1 {Prophylaxe gegen einen schwarzen Angriff auf der c-Linie.} Rac8 18. g4 $16 {Einleitung des üblichen Bauernangriffs am Königsflügel.} Nb4 $2 {Absolut wirkungslos. Schon zeigt sich die Güte von 17.Kb1, denn der Sb4 kann durch c3 vertrieben werden, wodurch Weiss ein Tempo für den Vorstoss f5 gewinnt.} 19. Nd4 {Gar noch stärker ist 19.c3 usw.} Qa6 20. a3 Nc6 21. Rf2 {Damit zeigt Weiss, dass er ...Sxd4 mit Txd4 beantworten will, ohne ...Dc4 zuzulassen.} Nxd4 22. Rxd4 h6 {Eher würde man 22...Tc4 erwarten, um die Türme auf der c-Linie um die Türme auf der c-Linie zu verdoppeln.} 23. f5 {Der systemgemässe Vorstoss. Zwar ist 23.g5 gar etwas stärker, aber das richtig einzuschätzen, überstreigt das Können unserer Oldies.} {[#]} Rc6 $2 {Das ruiniert die schwarze Stellung. Richtig ist 23...Tc4!, was die folgende Katastrophe vermieden hätte.} 24. f6 $1 {Sehr gut erkannt. Die schwarze Königsstellung ist nun kaputt und bei korrektem Spiel gewinnt Weiss.} Qa5 25. fxg7 Kxg7 26. Rf6 $1 {Der weisse Druck wird übermächtig.} Rh8 27. g5 {Es führen bereits mehrere Weg zum Sieg.} h5 {Ein vergeblicher Versuch, die Stellung geschlossen zu halten.} 28. Qf2 (28. g6 $1 {mit Mattangriff gewinnt am schnellsten.}) 28... Rc7 29. Rxe6 $1 {Hübsch, wie die CXG Sphinx Legend den Angriff führt.} fxe6 30. Qf6+ Kh7 31. g6+ Kg8 32. Qxe6+ Kg7 33. Qf6+ Kg8 34. Qd8+ Kg7 35. Qxc7+ Kxg6 36. Qd6+ Kg7 37. Rxd5 ({Nach} 37. Rf4 {wird es Matt in 9}) ({Nach} 37. Qd7+ {oder De7+ wird es Matt in 10}) 37... Qxd5 {Berechtigte Verzweiflung.} (37... Qe1+ 38. Rd1 Qf2 39. Qe7+ Kg6 40. Rd6+ Kf5 41. Qf6+ Ke4 42. Qxf2 $18) 38. Qxd5 Re8 39. Qd7+ Kf8 40. Qxa7 Rxe5 41. Qxb6 {Der Rest ist ohne Kommentare verständlich.} Ke7 42. c4 Kd7 43. Qf6 Ra5 44. Qf7+ Kd6 45. Qf8+ Kd7 46. c5 Ra6 47. Qf5+ Kc7 48. Qxh5 Rc6 49. Qf7+ Kc8 50. h4 Kd8 51. a4 Kc8 52. b4 Rc7 {***AUFGEGEBEN***} 1-0

[Event "Match 72__120'/40"]
[Site "Zurich"]
[Date "2022.??.??"]
[Round "10"]
[White "Mephisto MM II"]
[Black "CXG Sphinx Legend"]
[Result "1-0"]
[WhiteElo "1815"]
[BlackElo "1816"]
[Annotator "KUT"]
[PlyCount "112"]
[EventDate "2022.??.??"]

{[%evp 0,112,19,28,27,-3,18,10,15,-8,3,0,46,1,20,5,12,12,78,78,83,71,120,70,96,61,115,115,122,136,131,143,243,0,0,-11,-11,-14,-5,-9,-14,-16,24,8,55,25,70,-34,-34,-31,-42,-134,-134,-160,-159,-162,-147,-160,-160,-168,-131,-139,-147,-155,-135,-189,-117,-118,-143,-220,-246,-234,-193,-233,-224,-230,-230,-317,-323,-351,-299,-339,-447,-502,-538,-607,-538,-538,-517,-841,-517,-1326,-1545,-1061,-1356,-29977,-29978,-29979,-135,-151,-248,-248,170,385,493,471,1289,1759,1957,2020,1497,2130,2220,2093,2093]} 1. e4 e5 {Match 72__120'/40 | Bediener: Rolf Bühler | 10. Partie: Weiss (MM II) gewinnt | Zwischenstand: 6-4 (60%) für den Mephisto MM II | Gegen die Wiener Partie von Weiss spielt Schwarz aus dem Buch die verdächtige Fortsetzung 3...Lc5. Das erlaubt dem Gegner den äusserst unangenehmen Ausfall seiner Dame nach g4. Trotz allem gelingt es Schwarz unter gütiger Mithilfe des Gegners, das bessere Spiel zu bekommen. In der Folge überschlagen sich die Ereignisse. Vorerst rutscht Schwarz mit 12...Tac8 in die Verlustzone. Weiss verliert dann bald wieder seinen Vorteil. Und mit schwächelnden Zügen gerät er selbst auf die schiefe Bahn und gibt unter anderem völlig unmotiviert das Läuferpaar auf. So beherrschen plötzlich die schwarzen Figuren das Brett und es sieht so aus, als ob es nur noch eine Frage der Zeit wäre, bis Weiss zusammenbrechen muss. Der einzige weisse Triumph liegt im weit vorgerückten weissen Freibauern auf c7 und der Tatsache, dass die Stellung auf einmal kompliziert wird. Das genügt, um die beiden Kontrahenten ins Taumeln zu bringen. Zuerst vergibt Schwarz (CXG) den Gewinn. Doch sofort revanchiert sich der Mephisto MM II und gibt dem Gegner eine zweite Gewinnchance. Statt diese zu nutzen, begeht Schwarz selber einen schlimmen Fehler, so dass die gewonnene Stellung des ungarischen Programms sich gar in eine Verluststellung verwandelt. Ein glücklicher Sieg für den Mephisto MM II.} 2. Bc4 {***ENDE BUCH***} Nc6 3. Nc3 Bc5 4. Qg4 g6 {***ENDE BUCH***} 5. Qg3 {Meines Erachtens ist die Alternative 5.Df3 spürbar stärker.} (5. Qf3 Nf6 6. Nge2 d6 7. d3 Bg4 8. Qg3 Be6 9. Bg5 h6 10. Qh4 Ng4 11. Bxe6 Bxf2+ 12. Qxf2 Nxf2 13. Bxd8 Nxh1 14. Bf6 fxe6 15. Bxh8 Kf7 16. Kd2 Rxh8 17. Rxh1 a6 18. Rf1+ Kg7 19. Nd1 Rf8 20. Rxf8 Kxf8 21. c3 Kf7 22. Ke3 Kf6 23. h4 {1-0 (23) Mamedyarov,S (2764)-Amin,B (2686) ICC INT 2020}) 5... Nf6 6. Nf3 d6 (6... Nh5 {Die wenigen mit dieser Fortsetzung gespielten Partien sind nicht überzeugend. In Tat und Wahrheit fällt dieses Abspiel zum Vorteil von Schwarz aus.} 7. Qg5 f6 $1 {Eine wesentliche Verstärkung zum üblichen 7...Le7.} 8. Qh4 Nf4 9. Qg3 d6 10. d3 g5 $15) 7. O-O Nb4 $6 {Nicht das Gelbe vom Ei.} 8. Bb3 Bd7 9. d3 Nh5 10. Qg5 O-O $2 {Schwarz sollte dringend die Gelegenheit zum Abtausch der Damen nutzen, denn nun wäre 11.Dh6 mehr als lästig.} 11. Qxd8 {Weiss kann es sich gar leisten, selbst zu tauschen, ohne jeden Vorteil zu verlieren.} Rfxd8 12. Bh6 {[#]} Rac8 $2 {Das verliert.} 13. Ng5 $1 {Diese starke Antwort darf man als Gewinnzug ansehen.} Be8 14. a3 Nc6 {Nach a6 war die etwas bessere Verteidigung.} 15. Nd5 $1 {Jetzt wird die weisse Stellung übermächtig.} Bd7 16. Ne7+ $2 {Vermasselt den Gewinn und gerät gar etwas in Nachteil.} (16. h3 Be6 17. g4 Bxd5 18. Bxd5 Nf4 19. Nxf7 Nxd5 20. Nxd8 Rxd8 21. exd5 $18 {weisse Gewinnstellung}) 16... Nxe7 17. Nxf7 d5 {Hat Schwarz diesen Vorstoss übersehen.} 18. Nxd8 Rxd8 19. exd5 Bd6 20. Rae1 Kf7 $2 {Nun ist es Schwarz, der seinen Vorteil zunichtemacht. Mit 20...Sf5 wäre er am Ball geblieben.} 21. Bg5 {Besser war Ld2, um den Läufer nach c3 zu bringen.} Nf6 22. c4 b6 23. Re2 $6 (23. f4 exf4 24. Bxf4 $11 {ist ausgeglichen}) 23... Nf5 $17 24. Ba2 $6 {Den Schaden hätten 24.f4 oder 24.Ld2 in Grenzen gehalten. Jetzt wird es ungemütlich für Weiss.} h6 25. Bxf6 $2 {Zwar stand Weiss schon nicht mehr gut, aber dem Gegner auch noch das starke Läuferpaar einzuräumen, macht die Sache nur schlimmer.} Kxf6 26. g3 Nd4 27. Re3 Bh3 28. Rc1 g5 $19 {Schwarz hat eine Gewinnstellung.} 29. b4 a6 30. c5 bxc5 31. bxc5 Be7 32. a4 Bf5 33. Kg2 Rb8 34. h4 gxh4 35. gxh4 Rb4 $6 {Wesentlich stärker sind 35...Tb2 oder 35...Ld7.} 36. c6 $2 {Verspielt die letzte Chance für einmal d6 cxd6, c7.} Rxa4 37. Bc4 a5 38. Kf1 Rb4 39. Ba2 Kg6 {Der Sinn dieses Manövers mit dem König ist schwer verständlich, ausser der König will auf den weissen h4-Bauer los.} (39... Bd6 {war die einfachste Lösung, um die weissen Bauern unter Kontrolle zu halten.}) 40. f4 {Aus Sicht des MM II der letzte Versuch, der aber auch nicht mehr fruchten sollte.} Bxh4 {Genügt für den Sieg, aber selbst 40...exf4 war gut möglich.} (40... exf4 41. Rxe7 Rb2 $1 {und die Mattdrohung mit ...Lh3+ stürzt Weiss völlig uns Unglück.} 42. Bc4 {alles andere verliert zu viel Material} (42. Bb1 Bh3+ 43. Kg1 Nf3+ 44. Kh1 Rh2#) 42... Bh3+ 43. Ke1 Nf3+ 44. Kd1 Rd2#) 41. fxe5 Rb2 42. d6 Rf2+ 43. Kg1 Re2 44. dxc7 Rxe3 $19 {Schwarz hat 2 Leichtfiguren gegen 2 Bauern, kurzum eine Stellung, die ein erfahrener Spieler fast blind zum Erfolg führen könnte. Auch braucht sind die weissen Freibauern völlig unter Kontrolle von Schwarz.} 45. e6 $1 {Schneidet den schwarzen Läufer vom Feld c8 ab und droht den c7-Bauer in eine Dame umzuwandeln. Und die damit verbundenen Probleme vermag das ungarische Programme nicht mehr zu lösen.} Ne2+ $6 {Dass Schwarz das Matt in 5 Zügen durch 45...Sf3+ nicht findet, überrascht nicht weiter, sind doch 9 Halbzüge notwendig, das zu erkennen. Das wäre für die CXG Sphinx Legend wohl nur möglich, wenn jeder Zug der Mattvariante zwingend ist - und nicht wie hier - einen stillen Zug beinhaltet. Der Textzug gewinnt zwar noch immer, aber die Varianten sind schlicht zu tief für die doch stark beschränkte Rechenkapazität des ungarischen Programms. Vor allem schwebt über dem Schwarzen das Damoklesschwert von c7-c8D. Und wenn man dagegen nichts findet, ist es aus.} (45... Nf3+ 46. Kg2 (46. Kh1 Re2 47. Rg1+ Bg5 48. Rxg5+ Kxg5 49. c8=Q Rh2#) 46... Bg4 $1 47. Kh1 Re2 48. Rc2 Re1+ 49. Kg2 Rg1#) 46. Kg2 Rg3+ (46... Nf4+ {wird Matt in 16, was alles sagt}) 47. Kh2 Rh3+ 48. Kg2 {Noch immer steht Schwarz total auf Gewinn.[#]} Nxc1 $2 {Vergibt den Sieg, weil es plötzlich zu kompliziert geworden ist. Dabei würde es nach 48...Sf4+ Matt in 15 Zügen.} 49. Bc4 $2 {Aber auch der Mephisto MM II strauchelt und findet die einzige viel zu tiefe Rettung mit Umwandlung zur Dame nicht.} (49. c8=Q Rg3+ 50. Kh2 Rh3+ 51. Kg2 Rg3+ {Schwarz hat Dauerschach, denn 52.Kh2 wäre erzwungen, weil Weiss verlieren würde.} 52. Kh2 Rh3+ 53. Kg2 Rg3+ $11 54. Kh2 Rh3+ 55. Kg2 Rg3+ 56. Kh2 Rh3+ {Remis 3x}) 49... Rg3+ 50. Kh2 {[#]} Bxe6 $2 {Selbst jetzt noch ist die Stellung für unsere Oldies zu komplex und so rutscht das ungarische Programm von ihrer gewonnenen Stellung in den Verlust.} (50... Rh3+ 51. Kg2 Nxd3 $1 52. c8=Q Nf4+ 53. Kg1 Rg3+ 54. Kh2 Rg2+ 55. Kh1 Be4 $1 56. Bd3 Nxd3 57. Qg8+ Kf6 58. Qxg2 Bxg2+ 59. Kxg2 Nf4+ 60. Kf3 Nd5 $19 {und Schwarz gewinnt.}) 51. Bxe6 a4 52. c8=Q Rg5 53. Qg8+ Kf6 54. Qf7+ Ke5 55. c7 Bg3+ 56. Kh1 Nxd3 {***AUFGEGEBEN***} 1-0

[Event "Match 72__120'/40"]
[Site "Zurich"]
[Date "2022.??.??"]
[Round "11"]
[White "CXG Sphinx Legend"]
[Black "Mephisto MM II"]
[Result "1/2-1/2"]
[WhiteElo "1816"]
[BlackElo "1815"]
[Annotator "KUT"]
[PlyCount "85"]
[EventDate "2022.??.??"]

{[%evp 0,85,40,16,22,20,25,40,38,31,24,-8,17,11,10,21,12,-2,15,23,8,10,21,17,31,25,348,-20,-9,-23,-16,-31,-38,-38,-37,-76,-94,-109,-150,-151,-242,-390,-377,-381,-359,-342,-342,-383,-333,-389,-372,-367,-351,-407,-423,-413,-413,-550,-562,-562,-562,-562,-562,-562,-465,-605,-519,-519,-491,-500,0,0,0,0,0,0,0,0,0,0,0,0,0,0,0,0,0,0]} 1. d4 e6 {Match 72__120'/40 | Bediener: Rolf Bühler | 11. Partie: remis | Zwischenstand: 6,5-4,5 (59%) für Mephisto MM II | Schwarz verteidigt sich Französisch, Winawer-System, und Weiss greift mit 5.Ld2 zur Bogoljubow-Variante. Dabei hätte der MM II nach dem möglichen, klassischen Läuferopfer durch 13.Lxh7+ bereits die Segel streichen müssen. Die CXG Sphinx Legend verpasst ihre Chance und begeht mit 17.c3? selbst einen entscheidenden Fehler, der materiellen Verlust zur Folge hat. Nach 33 Zügen steht der Mephisto MM II mit Leichtfigur plus Bauer total auf Gewinn. Da versucht das ungarische Programm von Gyula Horvath mit dem Turmopfer 34.Txg7+ einen letzten Trick ... und hat Erfolg damit, denn das schwedische Programm schlägt den Turm und muss sich dem Dauerschach der weissen Dame beugen und das Remis akzeptieren.} 2. e4 d5 3. Nc3 Bb4 4. e5 c5 5. Bd2 Ne7 6. a3 Bxc3 7. Bxc3 b6 8. b4 Qc7 9. Nf3 cxb4 10. Bxb4 Ba6 {***ENDE BUCH***} 11. Bd3 {***ENDE BUCH***} O-O (11... Bxd3 {ist zweifelsohne die beste Fortsetzung, um das gegnerische Läuferpaar zu beseitigen und die Drohungen gegen den schwarzen Königsflügel im Keim zu ersticken.}) 12. O-O (12. Ng5 $1 $16 {hätte auf jeden Fall zu einer Schwächung der schwarzen Bauernstruktur am Königsflügel geführt.}) {[#]} 12... Qd7 $2 {Ein taktischer Fehler, der das sattsam bekannte Läuferopfer auf h7 zulässt, was im vorliegenden Fall zu einer klaren Gewinnstellung für Weiss führen würde.} (12... Bxd3 {war wiederum die beste Wahl}) 13. Ng5 $2 {Leider erkennt die CXG Sphinx Legend den möglichen Gewinn nicht und verzichtet auf das entscheidenden Läuferopfer Lxh7. Die Varianten sind einfach zu tief für die beiden Kontrahenten. Dies umso mehr, als nicht nur forcierte, sondern auch stille Züge in den Varianten enthalten sind.} (13. Bxh7+ Kh8 (13... Kxh7 14. Ng5+ Kg6 15. Qg4 $1 f6 16. Nxe6+ Kf7 17. Qxg7+ Kxe6 18. Rfe1 Qe8 19. exf6+ Kd7 20. Rxe7+ {und gewinnt}) 14. Ng5 g6 15. Qf3 $1 Nf5 {alles andere verliert schneller} 16. Qh3 Kg7 {erzwungen} 17. Bg8 $3 {hübsch} Nh6 18. Bxf8+ Kxf8 {erzwungen} 19. Qxh6+ Ke8 {erzwungen} 20. Bxf7+ {und Weiss ist im Mehrbesitz von Turm und 2 Bauern}) 13... h6 14. Bxa6 Nxa6 $11 {Schwarz steht mindestens gleich, bzw. gar eine Spur besser mit Vorteil wegen der halboffenen c-Linie. Und einen weissen Königsangriff muss er auch nicht mehr befürchten.} 15. Qd3 hxg5 16. Qxa6 Rfc8 {[#]} 17. c3 $2 {Verlustzug, dieses Mal für Weiss, was jedoch beide Programme erneut schlicht nicht erkennen können.} Rc4 {Droht, mit ...Sc6 und ...Sb8 den Sack zuzumachen, bzw. die abgeschnittene weisse Dame zu erobern. Eine Verteidigung lässt sich ohne entscheidende Nachteile nicht finden.} 18. Rac1 ({Dragon 3.1 by Komodo Chess 64-bit:} 18. Bxe7 Qxe7 {-2.91/35 ist noch die beste Verteidigung} 19. f4 Rxc3 20. f5 exf5 21. Rxf5 Rac8 22. Raf1 Rc1 23. Qd3 g4 {und zwischen zwei Oldies stünde ein schwarzer Sieg noch in den Sternen.}) 18... Nc6 {Droht durch ...Sb8 die weisse Dame zu erobern.} 19. Qb5 (19. Bd6 {ist die Alternative, aber nach} Nb8 20. Bxb8 Rxb8 21. Rb1 Rbc8 22. Rfd1 Rxc3 23. Qe2 Rxa3 $19 {hat Schwarz eine gewonnene Stellung mit seinen 2 Mehrbauern}) 19... Qc8 $5 {Mit 19...Sxe5 ist Bauerngewinn möglich. Der Textzug beinhaltet jedoch mehr Gift. Es droht ...Sxd4 aber eben noch mehr. Weiss kann nicht mehr alle Drohungen abwehren.} 20. f4 $2 {Und prompt fällt Weiss herein. Weiss hätte mit 20.Ld6 seiner Damen einen Rückzug auf der b-Linie öffnen sollen.} a6 {Eine der schwarzen Pointen. Die Dame darf auf b6 nicht nehmen und nach einem Rückzug geht der Lb4 flöten. Es führen aber auch andere Fortsetzungen zu einem leichten Sieg für Schwarz.} (20... Nxd4 21. cxd4 Rxc1 $19) (20... gxf4 21. Rb1 a6 22. Qa4 a5 $19) 21. Qa4 (21. Qxb6 Rb8 22. Qxb8 Qxb8 23. fxg5 a5 24. Bd6 Qb2 $19) 21... a5 {Der angegriffene Läufer ist gefesselt und geht verloren.} 22. Qd1 axb4 23. axb4 gxf4 $19 {schwarze Gewinnstellung} 24. b5 Na7 25. Qb3 Qc7 26. Qb2 Rc8 27. Rxf4 Rxc3 28. Rb1 Qc4 29. Rbf1 Nxb5 30. Qd2 Rc2 31. Qe3 Rc7 {Mit einem Plus von Leichtfigur + Bauer war es am einfachsten, weiteren Figurentausch zu forcieren.} (31... Rc1 32. Rxf7 Rxf1+ 33. Rxf1 Qxd4 $19) 32. Re1 Ra7 (32... Rc1 {war noch immer am einfachsten}) 33. Rg4 Qc3 34. Rxg7+ $5 {In seiner Verzweiflung pfeffert die CXG Sphinx Legend dieses Turmopfer aufs Brett, das natürlich nicht angenommen werden darf.[#]} Kxg7 $2 {Und tatsächlich: Schwarz fällt in die Falle, bzw. in ein Dauerschach der weissen Dame.} (34... Kf8 35. Rg8+ $5 (35. Qh6 Qxe1#) 35... Ke7 $1 36. Qg5+ Kd7 37. Qd8+ Kc6 38. Qe8+ Kb7 39. Qxf7+ Nc7 $19) 35. Qg5+ Kh8 36. Qh4+ Kg8 37. Qg5+ Kh8 38. Qh4+ Kg8 39. Qg5+ Kf8 40. Qd8+ Kg7 41. Qg5+ Kh7 42. Qh5+ Kg7 43. Qg5+ {***3x REMIS***} 1/2-1/2